000 00328nam a2200145Ia 4500
005 20251222153554.0
008 251222s9999||||xx |||||||||||||| ||spa||
020 _a8497598032
082 _a863.64/A81
100 _aAsensi, Matilde
245 0 _aEl Último Catón
250 _a4ta.ed.
264 _bDebols!llo
942 _cLIB
999 _c30956
_d30956